000 00922nas a2200301 4500
001 BR2014006761
003 BR-BrBNA
005 20231205124655.0
007 ta
008 230509b bl.|||p| |||| 00| 00por d
040 _aBR-BrBNA
_bpor
_cBiblioteca Nacional de Agricultura
041 _a(Pt)
072 _aF06
100 1 _aSilva, S.M.S.
100 1 _aAlves, A.N.
100 1 _aGheyi, H.R.
100 1 _aBeltrão, N.E. de M.
100 1 _aSeverino, L.S.
100 1 _aSoares, F.A.L.
245 1 _aDesenvolvimento e produção de duas cultivares de mamoneira sob estresse salino
650 _aRICINUS COMMUNIS
650 _aMANEJO DE ÁGUA
650 _aÁGUA SALINA
650 _aMAMONA
773 0 _tRevista Brasileira de Engenharia Agrícola e Ambiental (Brazil)
_xISSN 1415-4366
_g(Apr 2008), V. 12(4) p. 335-342
_wBR2014006761
909 _a202311
_bLúcia
_c55
_dLúcia Elande
942 _2AGRIS
_n0
_cANA
999 _c240318
_d240318